Pakistan-Afghanistan Relations: (Record no. 616294)
[ view plain ]
| 000 -LEADER | |
|---|---|
| fixed length control field | 00565nam a22001817a 4500 |
| 003 - CONTROL NUMBER IDENTIFIER | |
| control field | NUST |
| 005 - DATE AND TIME OF LATEST TRANSACTION | |
| control field | 20260217164156.0 |
| 020 ## - INTERNATIONAL STANDARD BOOK NUMBER | |
| International Standard Book Number | 9789699675300 |
| 038 ## - RECORD CONTENT LICENSOR | |
| Staff Name | Malang jan |
| 082 ## - DEWEY DECIMAL CLASSIFICATION NUMBER | |
| Classification number | 327.54910581 |
| Author Mark | BAQ 2022 |
| 100 1# - MAIN ENTRY--PERSONAL NAME | |
| Personal name | Baqai,Huma |
| 9 (RLIN) | 133321 |
| 245 10 - TITLE STATEMENT | |
| Title | Pakistan-Afghanistan Relations: |
| Remainder of title | Pitfalls and the Way Forward/ |
| Statement of responsibility, etc. | Huma Baqai And Nausheen Wasi |
| 260 ## - PUBLICATION, DISTRIBUTION, ETC. | |
| Place of publication, distribution, etc. | Islamabad: |
| Name of publisher, distributor, etc. | Friedrich-Ebert-Stiftung; |
| Date of publication, distribution, etc. | 2022. |
| 300 ## - PHYSICAL DESCRIPTION | |
| Extent | 241p.; |
| Dimensions | 26 cm. |
| 650 ## - SUBJECT ADDED ENTRY--TOPICAL TERM | |
| Topical term or geographic name entry element | Foreign policy of Pakistan and Afghanistan |
| 9 (RLIN) | 133322 |
| 700 1# - ADDED ENTRY--PERSONAL NAME | |
| Personal name | Wasi,Nausheen |
| 9 (RLIN) | 133323 |
| 942 ## - ADDED ENTRY ELEMENTS (KOHA) | |
| Source of classification or shelving scheme | |
| Koha item type | Book |
| Withdrawn status | Lost status | Source of classification or shelving scheme | Damaged status | Not for loan | Permanent Location | Current Location | Date acquired | Source of acquisition | Total Checkouts | Full call number | Barcode | Date last seen | Cost, replacement price | Price effective from | Koha item type |
|---|---|---|---|---|---|---|---|---|---|---|---|---|---|---|---|
| School of Art Design and Architecture (SADA) | School of Art Design and Architecture (SADA) | 02/17/2026 | Donation | 327.54910581 BAQ 2022 | SADAD0000491 | 02/17/2026 | 0.00 | 02/17/2026 | Book |
